000 01049nam a2200265 a 4500
005 20080616100023.0
008 070814s2007 ii 001 0 eng
010 _aENG-91538
020 _a9780195699654
_c695.00
020 _a0195699653
_c695.00
035 _aEN-75071
037 _bDBAD / PUB
040 _adpl
_bEnglish
082 _a301.153
245 _aThe philosophy of Mahatma Gandhi for the twenty-first century /
_cedited by Douglas Allen
260 _aNew Delhi
_bOxford University Press,
_c2008
270 _aYMCA Library Building , Jai Singh Road,
_bNew Delhi
_e110001
300 _axviii, 263 p.
_c23 cm (Hb)
500 _aIncludes index
520 _aContributed articles chiefly with reference to India.
600 _aGandhi, Mahatma, 1869-1948
_xPhilosophy
700 _aAllen, Douglas
942 _2ddc
_cEN
_mPHI
_h301.153
999 _c18124
_d18124